00768nam a22001817a 4500003000200000005001700002008004100019050002200060100003000082245010600112260007100218300004400289504005700333650005000390650005000440650004900490650004700539020250116172713.0250116b xxu||||| |||| 00| 0 eng d aBF 531b.V17 2024 aValladolid, Alexandra T.  aResilience and emotional stability among mothers raising a child with autismcAlexandra T. Valladolid aLas Pinas CitybSouthville International School and Collegesc2024 ax, 279 pages :billustrations ;c29cm.  aIncludes bibliographical references and appendices.  aMothers of children with autism—Psychology. aResilience (Personality trait)—Philippines. aEmotional stability—Psychological aspects. aAutism in children—Family relationships.